Statistics for Top Grossing Movie Stars

Click here to take the quiz!

General Stats

  • This quiz has been taken 42,429 times
    (6,413 since last reset)
  • The average score is 18 of 50

Answer Stats

Gross Top Movie Actor % Correct
4.00 bilWar of the WorldsTom Cruise
82%
5.81 bilEndgameRobert Downey, Jr.
82%
4.95 bilToy Story 3Tom Hanks
78%
4.00 bilEndgameChris Hemsworth
69%
5.24 bilEndgameScarlett Johansson
66%
3.85 bilDead Man's ChestJohnny Depp
64%
5.11 bilThe Force AwakensHarrison Ford
62%
4.01 bilEndgameChris Evans
61%
6.99 bilThe AvengersSamuel L. Jackson
58%
3.28 bilNight at the MuseumRobin Williams
58%
3.34 bilSixth SenseBruce Willis
58%
3.21 bilBeauty and the BeastEmma Watson
57%
3.19 bilThe MartianMatt Damon
56%
3.54 bilAladdinWill Smith
54%
3.40 bilJumanjiDwayne Johnson
52%
3.81 bilShrek 2Eddie Murphy
48%
3.76 bilEndgameMark Ruffalo
48%
4.14 bilEndgameChris Pratt
47%
3.23 bilMeet the FockersRobert DeNiro
46%
3.54 bilEndgameJeremy Renner
35%
2.99 bilDead Man's ChestOrlando Bloom
35%
4.58 bilThe Dark KnightMorgan Freeman
34%
3.03 bilShrek 2Cameron Diaz
34%
3.52 bilEndgameJosh Brolin
33%
3.58 bilEndgameBenedict Cumberbatch
32%
3.65 bilBeauty and the BeastIan McKellen
31%
3.14 bilThe Phantom MenaceLiam Neeson
29%
3.44 bilThe Dark KnightMichael Caine
28%
4.80 bilEndgameBradley Cooper
27%
3.05 bilDespicable Me 2Steve Carell
27%
3.21 bilEndgameTom Hiddleston
27%
4.19 bilEndgameZoe Saldana
23%
3.36 bilEndgameGwyneth Paltrow
23%
3.01 bilTransformers 4Mark Wahlberg
22%
3.45 bilThe Dark KnightGary Oldman
22%
3.49 bilInfinity WarVin Diesel
21%
2.96 bilEndgameNatalie Portman
18%
3.48 bilCatching FireWoody Harrelson
17%
4.42 bilEndgameDon Cheadle
16%
3.44 bilEndgameAnthony Mackie
10%
3.49 bilReturn of the KingCate Blanchett
9%
4.04 bilThe Force AwakensAnthony Daniels
8%
4.36 bilThe Force AwakensAndy Serkis
8%
3.69 bilInfinity WarIdris Elba
7%
3.06 bilCatching FireElizabeth Banks
7%
3.78 bilBeauty and the BeastStanley Tucci
7%
3.02 bilEndgameJon Favreau
6%
2.97 bilDeathly Hallows Pt. 2Helena Bonham Carter
5%
2.98 bilThe Force AwakensSimon Pegg
4%
3.30 bilThe AvengersStellan Skarsgard
4%

Score Distribution

Percentile by Number Answered

Percent of People with Each Score

Your Score History

You have not taken this quiz since the last reset